000 00455nam a2200193Ia 4500
008 210210b2000 xxu||||| |||| 00| 0 eng d
020 _a81 7446 213 9
041 _aeng
082 _a658.3 RAOH
100 _aRAO (V S P).
245 _aHuman resource management
260 _aND
_bExcel Books
_c2000
300 _a618
650 _aresource
650 _amanagement
650 _aHuman
690 _aHuman Resource Management
906 _aSG03544
999 _c114480
_d114480